00316nam a2200121Ia 4500008004100000020001800041041000800059082001100067100001500078245005000093260004200143300000900185230418s9999 xx 000 0 und d a9788183716635 aeng a624DON aDongre A P aStrenghth Of Materials .-2nd .-9788183716635 bScitech Publications, New Delhic2014 a492p